01286nam a2200241 i 4500001000700000003000700007005001700014008004100031020002200072080003600094100004000130245023300170260008600403300002200489502005200511504003400563600004900597852012900646903004500775942002000820999001900840952018500859188628SpMaBN20251014063304.0190115s1996 fr |||| |dfre d a978-2-7295-8772-7 a1 Vanini, Giulio Cesare (043.2)1 aCaballero, Marcial, d1948-916596910aJ.C. Vanini b: averroïsme de Padoue et pensée libertine (une philosophine de la crise à l'âge baroque) / cthèse de doctorat nouveau régime présentée par Marcial Caballero sous la direction de M. Pierre Magnard. aVilleneuve d'Ascq Cedex : bAtelier National de Reproduction des Thèses,c1996. a408 p. ; c24 cm. aTesis--Université de Paris IV-Sorbonne, 1996. aBibliografía: p. [351]-408.17aVanini, Giulio Cesare, d1585-161929165970 aES-MaACLjA-14300 9195759bR.151547cDEPO1dOlim: N-14300gDedicatoria autógrafa del autorhDonación: Marcial Caballero aCaballero, Marcial, d1948-ednr9165969 2udccMONOGRAFIA c188628d188628 00102udc40708LibrosdedicadosaATENEOMbATENEOMcDEPO1d2019-01-15eDONACIONl0oA-14300p1199623r2023-02-23 00:00:00w2023-02-23yMONOGRAFIAzDedicatoria autógrafa del autor